Villes les plus peuplées du monde - Avec exceptions - Statistiques

Statistiques générales
  • Ce quiz a été pris 105 fois
  • Le résultat moyen est 28 sur 50
Statistiques - réponses
Continent Pop. en millions Ville % Correct
Amérique du Nord 22.0 New York
98%
Europe 11.5 Paris
98%
Amérique du Nord 17.2 Los Angeles
93%
Europe 14.9 Londres
92%
Europe 19.1 Moscou
86%
Amérique du Nord 25.1 Mexico
84%
Amérique du Sud 12.5 Rio de Janeiro
84%
Amérique du Sud 16.7 Buenos Aires
83%
Europe 6.6 Madrid
83%
Afrique 22.5 Le Caire
80%
Europe 4.9 Berlin
78%
Amérique du Nord 9.6 Chicago
77%
Amérique du Sud 22.1 São Paulo
75%
Amérique du Nord 6.3 Miami
74%
Amérique du Sud 10.4 Bogota
72%
Amérique du Nord 7.7 Toronto
72%
Afrique 15.6 Kinshasa
69%
Amérique du Sud 11.8 Lima
68%
Afrique 14.6 Johannesbourg
67%
Océanie 5.0 Sydney
67%
Europe 4.9 Barcelone
66%
Afrique 20.7 Lagos
66%
Afrique 5.0 Le Cap
64%
Europe 6.1 Milan
64%
Amérique du Nord 7.4 San Francisco
60%
Amérique du Nord 7.6 Dallas
57%
Afrique 6.7 Nairobi
56%
Amérique du Nord 7.7 Boston
55%
Amérique du Sud 8.2 Santiago
55%
Europe 6.5 Saint-Pétersbourg
52%
Amérique du Nord 7.0 Houston
49%
Océanie 5.0 Melbourne
47%
Amérique du Nord 6.1 Atlanta
45%
Afrique 6.2 Alexandrie
43%
Amérique du Nord 7.5 Philadelphie
43%
Amérique du Nord 5.7 Détroit
38%
Afrique 7.0 Khartoum
35%
Afrique 9.3 Luanda
35%
Amérique du Nord 4.9 Phoenix
34%
Afrique 6.8 Abidjan
33%
Afrique 5.4 Bamako
33%
Afrique 6.2 Dar es Salaam
30%
Amérique du Nord 5.9 Guadalajara
26%
Afrique 6.6 Accra
25%
Amérique du Sud 4.9 Belo Horizonte
25%
Amérique du Nord 6.0 Monterrey
20%
Amérique du Nord 8.5 Washington D.C.
15%
Afrique 5.2 Kano
13%
Europe 5.0 Cologne/Düsseldorf
11%
Amérique du Nord 4.9 Tampa
5%
Aucun quiz correspondant
Distribution des résultats
% des personnes avec chaque résultat
Percentile par nombre de réponses
Votre historique - résultats
Vous n’avez pas pris ce quiz